Arrow Quotes - Season 3 - Statistics

General Stats
  • This quiz has been taken 203 times
  • The average score is 8 of 23
Answer Stats
Hint Answer % Correct
"I ____ before no one" - Nyssa Al Ghul kneel
70%
"I'm not so consumed with vengeance that I ___ Thea for Sara's death. I ___ Malcolm Merlyn" - Laurel Lance blame
66%
"Well of course he didn't tell you. Your brother likes his _____" - Slade Wilson secrets
66%
"Before you left, the last thing you said to me was that you loved me. Now you're back and the first thing you tell me is that you're working with the man who turned your sister, a ____ you're supposed to love, into a killer who killed a ____ you used to love! I don't want to be a ____ that you love" - Felicity Smoak woman
57%
"Thea, I know you want to believe there's more to me than a killer, but the fact is, there's not. That man died with his ___" - Malcolm Merlyn wife
54%
"This isn't the first time I've heard that Oliver is dead. He's been back ___. He'll be back again" - Laurel Lance before
52%
"I gotta be honest, I'd feel a little more confident in your aeronautic abilities if you knew, for instance, that helicopters don't actually have ___" - Ray Palmer keys
47%
"So I didn't kill Sara, but I am a ______" - Roy Harper murderer
43%
"That's where you're wrong. I know her. She'll get to the truth no matter how good you think you're hiding it and when she ___ find out you've been lying to her, you're gonna lose her forever. Trust me, I know it from experience" - Roy Harper does
40%
"The Demon's Head does not take ______ " - Malcolm Merlyn prisoners
32%
"You were wrong. When you told me I could ____ people you said you couldn't. But you were wrong. You can ____. Not as The Arrow. That guy's a douche. But as Oliver Queen." - Barry Allen inspire
28%
"I don't doubt that. I don't doubt that you can beat him, but I'm terrified that you won't kill him because that's not who you are anymore and I am so afraid that Ra's al Ghul is going to use your _____ against you." - Felicity Smoak humanity
27%
"In civilization's past, when someone in the village was murdered, the league would come and kill __ people a day until the true criminal was rooted out. Find and deliver the one who killed Ta-Er Al-Sahfer. You have 48 hours, or the citizens of Starling City will see what the League of Assassins is capable of " 50
25%
"I want you to give me the tools to avenge my sister's death. I want you to teach me how to get justice outside of a ____" - Laurel Lance courtroom
23%
"Three months ago another friend of mine died. I'm 25 years old. I'm over my quota where losing friends are _____. And you're a friend. So if you want to go out there, if you want to commit suicide, I can't stop you, but I don't have to help you" - Felicity Smoak concerned
22%
"I will work with you to stop Ra's because that's what my brother says we need to do. So I will be your student. I'll be your partner, even I have to, I will be your ____. But never again will I be your daughter" - Thea Queen soldier
22%
"You have made an enemy tonight. One with a long _____" - Nyssa Al Ghul memory
21%
"Last girlfriend, she's in the League of Assassins. My girlfriend before that, she shot my girlfriend before that. I'm not... exactly a ____ at the moment." - Oliver Queen catch
19%
"If I can't just be me, and being the Arrow isn't enough, then maybe I should be _______" - Oliver Queen . Ra's al Ghul
19%
"We trade Damian for the virus. That is remarkably ____ and cold blooded. I approve" - Malcolm Merlyn ruthless
19%
"It's a good thing you fight better than you ___" - Ted Grant lie
16%
"Dinah Laurel Lance. Selfish Bitch. You're not a hero. You're a liar, a fraud and an ____" - Canary (Hallucination) addict
8%
"Try single mom who worked 60 hour weeks in six inch heels to raise that genius child you see right there. I may not understand all this _____ whatever, but I know about that gun. You wouldn't last ten seconds against my girl." - Donna Smoak cyber
3%
No matching quizzes found
Score Distribution
Percent of People with Each Score
Percentile by Number Answered
Your Score History
You have not taken this quiz